MARC

LEADER 00000nam0a2200000 4500
001 257090
005 20231101233155.0
035 |a (RuTPU)RU\TPU\book\279857 
090 |a 257090 
100 |a 20140414d1987 k y0rusy50 ca 
101 0 |a rus 
102 |a RU 
105 |a a z 001zy 
200 1 |a Информатика, управление, вычислительная техника.  |e сборник статей  |f под ред. В. В. Солодовникова  |h Вып. 1 
210 |a Москва  |c Машиностроение  |d 1987 
215 |a 272 с.  |c ил. 
320 |a Библиография в конце статей 
606 1 |a Автоматика  |2 stltpush  |3 (RuTPU)RU\TPU\subj\749  |9 29560 
606 1 |a Компьютерная техника  |2 stltpush  |3 (RuTPU)RU\TPU\subj\15170  |9 41438 
610 1 |a информатика 
610 1 |a вычислительная техника 
610 1 |a автоматическое управление 
610 1 |a ЭВМ 
610 1 |a применение 
610 1 |a информационные технологии 
610 1 |a АСУ 
610 1 |a проектирование 
675 |a 681.51  |v 3 
675 |a 681.3  |v 3 
702 1 |a Солодовников  |b В. В.  |4 340 
801 1 |a RU  |b 63413507  |c 20140414 
801 2 |a RU  |b 63413507  |c 20141006  |g RCR 
942 |c BK